[Event "St. Pauli Open - B"]
[Site "Hamburg"]
[Date "2011.07.10"]
[Round "2.32"]
[White "Schoppe, Gottfried"]
[Black "Kalauch, Jonathan"]
[Result "0-1"]
[WhiteElo "1720"]
[BlackElo "1417"]
[PlyCount "66"]
[EventDate "2011.??.??"]
[WhiteTeam "SK Caissa Rahlstedt von 1965 e.V"]
[BlackTeam "SK Marmstorf GW Harburg"]

1. d4 Nf6 2. c4 d5 3. Nc3 g6 4. Nf3 Bg7 5. Bf4 Nc6 6. e3 Bg4 7. h3 Bxf3 8. Qxf3
e6 9. a3 a6 10. b4 h6 11. Bd3 O-O 12. O-O Re8 13. b5 axb5 14. cxb5 Na5 15. Qg3
Nh5 16. Qg4 Nxf4 17. Qxf4 Nb3 18. Ra2 e5 19. dxe5 Bxe5 20. Qb4 d4 21. exd4 Qxd4
22. Qxd4 Bxd4 23. Ne2 Bg7 24. Rb1 Nc5 25. Bc4 Rad8 26. Nf4 Na4 27. Rc2 Nc3 28.
Rxc3 Bxc3 29. Nxg6 Rd4 30. Bb3 Kg7 31. Rc1 Ba5 32. g3 Kxg6 33. Bc2+ Kg7 0-1

[Event "St. Pauli Open - B"]
[Site "Hamburg"]
[Date "2011.07.10"]
[Round "2.33"]
[White "Malicki, Rudolfo"]
[Black "Vokroj, Gabriela"]
[Result "0-1"]
[WhiteElo "1420"]
[BlackElo "1855"]
[PlyCount "108"]
[EventDate "2011.??.??"]
[WhiteTeam "SAbt SV Lurup Hamb. 1923"]
[BlackTeam "Austria Wien"]

1. c4 c5 2. g3 g6 3. Bg2 Bg7 4. e3 e5 5. Ne2 Nc6 6. O-O Nge7 7. Nbc3 O-O 8. b3
d6 9. Bb2 Be6 10. Nd5 Bxd5 11. cxd5 Nb4 12. e4 f5 13. d3 f4 14. Nc3 g5 15. a3
Na6 16. Rb1 Nc7 17. b4 cxb4 18. axb4 Qe8 19. g4 Nb5 20. Nxb5 Qxb5 21. f3 Rac8
22. Kh1 Qb6 23. Qd2 Rc7 24. Rfc1 Rfc8 25. Rxc7 Rxc7 26. Rc1 Rxc1+ 27. Bxc1 Ng6
28. Qc3 h6 29. Bd2 Qf2 30. Be1 Qe2 31. Qd2 Qxd2 32. Bxd2 Bf6 33. Bc3 a6 34. Kg1
Bd8 35. Kf2 Bb6+ 36. Ke2 Kf7 37. Kd2 Ne7 38. Kc2 Nc8 39. h4 Na7 40. hxg5 hxg5
41. Kb3 Nb5 42. Bb2 Bd4 43. Bc1 Ke7 44. Bd2 Kd7 45. Bf1 Kc7 46. Be2 Ba1 47. Bd1
b6 48. Ka2 Bc3 49. Bc1 Bxb4 50. Bb2 Bc3 51. Bc1 Nd4 52. Ka3 b5 53. Bb2 Bxb2+
54. Kxb2 a5 0-1

[Event "St. Pauli Open - B"]
[Site "Hamburg"]
[Date "2011.07.10"]
[Round "2.35"]
[White "Niedwetzki, Jan Daniel"]
[Black "Janke, Hendrik"]
[Result "1/2-1/2"]
[WhiteElo "1257"]
[BlackElo "1767"]
[PlyCount "67"]
[EventDate "2011.??.??"]
[WhiteTeam "SC Diogenes eV"]
[BlackTeam "SF Burg von 1966"]

1. e4 Nf6 2. e5 Nd5 3. d4 d6 4. c4 Nb6 5. exd6 cxd6 6. Nf3 g6 7. Be2 Bg7 8. O-O
O-O 9. Nc3 Nc6 10. Be3 Bg4 11. b3 e5 12. dxe5 dxe5 13. Rc1 f5 14. h3 Bxf3 15.
Bxf3 e4 16. Be2 Bxc3 17. Rxc3 Qf6 18. Rc1 Rfd8 19. Qc2 Nb4 20. Qb1 Nd3 21. Bxd3
Rxd3 22. Rfd1 Rxd1+ 23. Rxd1 f4 24. Bxb6 axb6 25. Qxe4 Rxa2 26. Qxb7 Ra1 27.
Rxa1 Qxa1+ 28. Kh2 Qd4 29. Qd5+ Qxd5 30. cxd5 Kf7 31. g3 Ke7 32. Kg2 Kd6 33.
Kf3 fxg3 34. fxg3 1/2-1/2

[Event "St. Pauli Open - B"]
[Site "Hamburg"]
[Date "2011.07.10"]
[Round "2.36"]
[White "Bangert, Rüdiger"]
[Black "Kaußmann, Jean-David"]
[Result "1/2-1/2"]
[WhiteElo "1694"]
[BlackElo "1420"]
[PlyCount "70"]
[EventDate "2011.??.??"]
[BlackTeam "FC ST.Pauli 1910 eV SAbt"]

1. Nf3 Nc6 2. c4 e5 3. e4 Nf6 4. d3 Bc5 5. h3 Bd4 6. Nbd2 d6 7. Nb3 Bb6 8. Be2
h6 9. Bd2 O-O 10. Qc1 Nh7 11. h4 Bg4 12. Qd1 Bxf3 13. Bxf3 Nd4 14. Nxd4 Bxd4
15. Rb1 Qf6 16. a4 Qg6 17. Qe2 f5 18. Be3 Bxe3 19. Qxe3 f4 20. Qe2 Qf7 21. Rh2
Nf6 22. b3 Nd7 23. Kd2 a6 24. Rg1 Nc5 25. Qd1 Rab8 26. Kc3 b5 27. Qc2 bxa4 28.
b4 Nb3 29. Qa2 Qd7 30. Bd1 Nd4 31. Bxa4 Qc8 32. Rb1 c5 33. b5 axb5 34. cxb5+
Kh7 35. Qc4 Rb6 1/2-1/2

[Event "St. Pauli Open - B"]
[Site "Hamburg"]
[Date "2011.07.10"]
[Round "2.37"]
[White "Frischmuth, Beate"]
[Black "Schaeffer, Philipp"]
[Result "0-1"]
[WhiteElo "1225"]
[BlackElo "1640"]
[PlyCount "48"]
[EventDate "2011.??.??"]
[WhiteTeam "SK Union Eimsbuettel eV"]
[BlackTeam "SK Johanneum Eppendorf"]

1. e4 c5 2. Nf3 d6 3. d4 cxd4 4. Nxd4 Nf6 5. Nc3 a6 6. Be3 e6 7. Be2 b5 8. a3
Nbd7 9. Qd2 Bb7 10. f3 d5 11. exd5 Nxd5 12. O-O-O Nxe3 13. Qxe3 Bc5 14. Qd2 Nf6
15. Qg5 Bxd4 16. Qxg7 Rg8 17. Qh6 Qb6 18. Rd3 O-O-O 19. Rhd1 e5 20. Ne4 Nxe4
21. Qh3+ Kb8 22. fxe4 Bxe4 23. Rb3 Rc8 24. c3 Be3+ 0-1

[Event "St. Pauli Open - B"]
[Site "Hamburg"]
[Date "2011.07.10"]
[Round "2.38"]
[White "Rulfs, Ernst-August"]
[Black "Zumholz, Jan"]
[Result "0-1"]
[WhiteElo "1628"]
[BlackElo "1374"]
[PlyCount "88"]
[EventDate "2011.??.??"]
[WhiteTeam "SK Marmstorf GW Harburg"]
[BlackTeam "SV Holstein Quickborn"]

1. c4 c5 2. Nc3 Nc6 3. Nf3 Nf6 4. g3 b6 5. Bg2 Bb7 6. d4 Nxd4 7. O-O Nxf3+ 8.
exf3 e6 9. Bf4 Be7 10. Nb5 O-O 11. Bd6 a6 12. Bxe7 Qxe7 13. Nd6 Bc6 14. Re1 Qd8
15. Qd2 Ne8 16. Rad1 Qc7 17. Re3 Nxd6 18. Qxd6 Qxd6 19. Rxd6 Rfd8 20. Red3 Kf8
21. f4 Bxg2 22. Kxg2 b5 23. Rxd7 Rxd7 24. Rxd7 bxc4 25. Rc7 Rb8 26. Rxc5 Rxb2
27. Rxc4 Rxa2 28. Rc8+ Ke7 29. Rc7+ Ke8 30. Rc8+ Kd7 31. Ra8 Ke7 32. Ra7+ Kf6
33. g4 g6 34. Kg3 a5 35. f3 a4 36. Ra5 a3 37. h3 Ra1 38. Kg2 h6 39. h4 Ke7 40.
Kf2 a2 41. Ke2 Kd6 42. g5 h5 43. Kd2 Rh1 44. Rxa2 Rh2+ 0-1

[Event "St. Pauli Open - B"]
[Site "Hamburg"]
[Date "2011.07.10"]
[Round "2.39"]
[White "Gorbach, Mark"]
[Black "Lange, Anika"]
[Result "1/2-1/2"]
[WhiteElo "1197"]
[BlackElo "1627"]
[PlyCount "113"]
[EventDate "2011.??.??"]
[WhiteTeam "KSV Rochade Göttingen"]
[BlackTeam "SK Delmenhorst"]

1. e4 c5 2. Nf3 Nc6 3. d4 cxd4 4. Nxd4 e5 5. Nxc6 bxc6 6. c4 Nf6 7. Nc3 Bb4 8.
Bd3 Bxc3+ 9. bxc3 O-O 10. Bg5 h6 11. Bh4 Qa5 12. Qd2 Nh7 13. O-O Bb7 14. Be7
Rfe8 15. Bd6 Nf6 16. c5 Ba6 17. Bxa6 Qxa6 18. f3 Re6 19. Rfb1 Ne8 20. Rb3 Nxd6
21. cxd6 Qa5 22. Rd1 Qa6 23. Kh1 Rc8 24. Rb2 c5 25. Qd3 Qa3 26. Qb1 Qxc3 27.
Rb7 Rd8 28. Rxa7 Ree8 29. Rc7 c4 30. Qc1 Qa5 31. Qxc4 Kf8 32. Kg1 Qa8 33. Rb1
Rc8 34. Rbb7 Red8 35. Rxc8 Rxc8 36. Rc7 Rd8 37. a4 Qa5 38. Kf2 Qb6+ 39. Qc5
Qxc5+ 40. Rxc5 Ra8 41. Ke3 f6 42. a5 Ra6 43. Rd5 Ke8 44. f4 Kd8 45. fxe5 fxe5
46. Kf3 Rc6 47. Rxe5 Rxd6 48. Ke3 Rg6 49. g3 Rd6 50. Rd5 Rc6 51. Kf4 g6 52. h4
Rf6+ 53. Ke3 Rc6 54. Kd4 Ke7 55. e5 Ra6 56. Kc5 Rxa5+ 57. Kc4 1/2-1/2

[Event "St. Pauli Open - B"]
[Site "Hamburg"]
[Date "2011.07.10"]
[Round "2.40"]
[White "Weidmann, Kevin"]
[Black "Kibilka, Ulrich"]
[Result "1-0"]
[WhiteElo "1617"]
[BlackElo "1268"]
[PlyCount "75"]
[EventDate "2011.??.??"]
[WhiteTeam "Hamburger SK von 1830 eV"]
[BlackTeam "Hamburger SK von 1830 eV"]

1. e4 c6 2. d4 e6 3. Be3 Nf6 4. Nd2 Be7 5. c4 d5 6. e5 Nfd7 7. a3 b6 8. f4 Bb7
9. Qg4 O-O 10. Ngf3 c5 11. h4 f5 12. Qh3 cxd4 13. Nxd4 Nc5 14. b4 Bc8 15. bxc5
bxc5 16. N4f3 d4 17. Bf2 h6 18. h5 Nd7 19. Bh4 Rf7 20. Bxe7 Rxe7 21. Nh4 Nf8
22. g4 fxg4 23. Qxg4 Rf7 24. Bd3 Rb8 25. O-O Bb7 26. Be4 Qa5 27. Rf2 Qc3 28.
Rb1 Qe3 29. Bg6 Re7 30. Kf1 Nxg6 31. Nxg6 Ree8 32. Qe2 Qh3+ 33. Ke1 d3 34. Qf1
Qe3+ 35. Kd1 Bc6 36. Rxb8 Rxb8 37. Ne7+ Kf8 38. Nxc6 1-0

[Event "St. Pauli Open - B"]
[Site "Hamburg"]
[Date "2011.07.10"]
[Round "2.42"]
[White "Ryll, Alex"]
[Black "McClung, Gregory"]
[Result "0-1"]
[WhiteElo "1052"]
[BlackElo "1583"]
[PlyCount "74"]
[EventDate "2011.??.??"]
[WhiteTeam "SK Johanneum Eppendorf"]
[BlackTeam "Hamburger SK von 1830 eV"]

1. e4 d6 2. d4 Nf6 3. Nc3 g6 4. Nf3 Bg7 5. Bc4 c6 6. Bd3 b5 7. b4 Nbd7 8. Ne2
Nb6 9. c3 O-O 10. Qc2 Be6 11. O-O a5 12. Bg5 axb4 13. cxb4 Ra4 14. a3 Qa8 15.
Qc1 Bc4 16. Bxf6 Bxf6 17. Bxc4 Nxc4 18. Nc3 Rxa3 19. Rxa3 Qxa3 20. Qxa3 Nxa3
21. Ra1 Nc2 22. Rb1 Nxd4 23. Nxd4 Bxd4 24. Ne2 Bb6 25. Nc1 f5 26. exf5 Rxf5 27.
Nd3 e5 28. g4 Rf3 29. Rd1 e4 30. Kg2 Rxd3 31. Re1 d5 32. f4 exf3+ 33. Kf1 Kf7
34. h4 Rd2 35. Rc1 Rh2 36. Ke1 Be3 37. Rxc6 Rh1# 0-1

[Event "St. Pauli Open - B"]
[Site "Hamburg"]
[Date "2011.07.10"]
[Round "2.43"]
[White "Rosenburg, Thies"]
[Black "Queißer, Jens"]
[Result "1-0"]
[WhiteElo "1575"]
[BlackElo "1191"]
[PlyCount "97"]
[EventDate "2011.??.??"]
[WhiteTeam "SF Burg von 1966"]
[BlackTeam "Hamburger SK von 1830 eV"]

1. e4 c5 2. Nc3 d6 3. Nf3 e6 4. d4 cxd4 5. Nxd4 Nf6 6. Be3 a6 7. f3 Be7 8. Be2
Qc7 9. O-O Nbd7 10. f4 Nc5 11. Bd3 b5 12. a3 Bb7 13. Qf3 Nxd3 14. cxd3 O-O 15.
Rac1 Qd8 16. Rfd1 Nd7 17. Nde2 f5 18. Qf2 Nf6 19. Bb6 Qe8 20. Ng3 Ng4 21. Qd2
Bh4 22. Nce2 Bd8 23. Bxd8 Qxd8 24. h3 Qb6+ 25. d4 Nf6 26. e5 dxe5 27. fxe5 Nd5
28. Nf4 Nxf4 29. Qxf4 Rad8 30. Nh5 Be4 31. Qd2 Rc8 32. Nf4 Rxc1 33. Qxc1 Rd8
34. Qc3 Qc6 35. Qxc6 Bxc6 36. Nxe6 Re8 37. Nc7 Rf8 38. Nxa6 f4 39. Nb4 Bd7 40.
d5 Bf5 41. Nc6 Re8 42. Re1 g5 43. Nd4 Bd3 44. d6 Rd8 45. Ne6 Rd7 46. Nc5 Bf5
47. Nxd7 Bxd7 48. e6 Bxe6 49. Rxe6 1-0

[Event "St. Pauli Open - B"]
[Site "Hamburg"]
[Date "2011.07.10"]
[Round "2.44"]
[White "Renn, Joachim"]
[Black "Andris, Georg"]
[Result "0-1"]
[WhiteElo "1029"]
[BlackElo "1568"]
[PlyCount "56"]
[EventDate "2011.??.??"]
[WhiteTeam "FC ST.Pauli 1910 eV SAbt"]
[BlackTeam "SG Glinde"]

1. c4 Nf6 2. Nc3 e6 3. g3 Bb4 4. Bg2 O-O 5. e3 c5 6. Nge2 Nc6 7. O-O Ne7 8. b3
Bxc3 9. Nxc3 d5 10. d3 Rb8 11. Re1 a6 12. a4 Re8 13. Bb2 Ng6 14. e4 d4 15. Ne2
e5 16. Bc1 h6 17. f4 exf4 18. Bxf4 Nxf4 19. Nxf4 Ng4 20. Nd5 Qg5 21. Qc1 Qh5
22. Ra2 Qxh2+ 23. Kf1 Qxg3 24. Kg1 Be6 25. Qd2 Bxd5 26. cxd5 Re5 27. Kf1 Nh2+
28. Kg1 Nf3+ 0-1

[Event "St. Pauli Open - B"]
[Site "Hamburg"]
[Date "2011.07.10"]
[Round "2.46"]
[White "Enke, Nils"]
[Black "Killgus, Leonard"]
[Result "1-0"]
[WhiteElo "1561"]
[BlackElo "1076"]
[PlyCount "125"]
[EventDate "2011.??.??"]
[WhiteTeam "SK Cuxhaven"]
[BlackTeam "SK Johanneum Eppendorf"]

1. e4 e5 2. Nf3 Nc6 3. Bc4 Nf6 4. Ng5 d5 5. exd5 Nd4 6. c3 b5 7. Bf1 Nxd5 8.
cxd4 Qxg5 9. Nc3 Nxc3 10. dxc3 Qg6 11. dxe5 Bd7 12. Be3 Be7 13. Qd4 Bc6 14. f3
O-O 15. Qd3 Bh4+ 16. Bf2 Rad8 17. Qxg6 Bxf2+ 18. Kxf2 hxg6 19. Be2 Rfe8 20.
Rad1 a5 21. Rxd8 Rxd8 22. Rd1 Rxd1 23. Bxd1 Kf8 24. h4 Ke7 25. f4 Ke6 26. g4
Kd5 27. Bf3+ Kc5 28. Bxc6 Kxc6 29. Ke3 Kd5 30. b3 c5 31. Kd3 c4+ 32. bxc4+
bxc4+ 33. Ke3 f6 34. exf6 gxf6 35. h5 gxh5 36. gxh5 Ke6 37. h6 Kf7 38. f5 Kg8
39. Kd4 Kh7 40. Kxc4 Kxh6 41. Kd4 Kg7 42. Kd5 Kf7 43. Kd6 Ke8 44. c4 Kd8 45. c5
a4 46. a3 Kc8 47. c6 Kd8 48. Ke6 Kc7 49. Kxf6 Kxc6 50. Ke7 Kc5 51. f6 Kc4 52.
f7 Kb3 53. f8=Q Kxa3 54. Qa8 Kb3 55. Qb7+ Ka2 56. Kd6 a3 57. Kc5 Ka1 58. Kb4 a2
59. Qh1+ Kb2 60. Qg2+ Kb1 61. Qf1+ Kb2 62. Qe2+ Kb1 63. Kb3 1-0

[Event "St. Pauli Open - B"]
[Site "Hamburg"]
[Date "2011.07.10"]
[Round "2.47"]
[White "Kalauch, Lucas"]
[Black "Noakes, Günther"]
[Result "1-0"]
[WhiteElo "1524"]
[BlackElo "961"]
[PlyCount "29"]
[EventDate "2011.??.??"]
[WhiteTeam "SK Marmstorf GW Harburg"]
[BlackTeam "Hamburger SK von 1830 eV"]

1. d4 d5 2. Nf3 Bg4 3. e3 Nf6 4. Bd3 g6 5. Nbd2 Bg7 6. c3 Nbd7 7. O-O c5 8. h3
c4 9. Bc2 Bh5 10. e4 dxe4 11. Nxe4 h6 12. Nxf6+ Bxf6 13. g4 Bxg4 14. hxg4 e5
15. Re1 1-0

[Event "St. Pauli Open - B"]
[Site "Hamburg"]
[Date "2011.07.10"]
[Round "2.48"]
[White "Krause, Werner"]
[Black "Svane, Minna"]
[Result "1-0"]
[WhiteElo "1498"]
[BlackElo "783"]
[PlyCount "33"]
[EventDate "2011.??.??"]
[WhiteTeam "Hamburger SK von 1830 eV"]
[BlackTeam "Lübecker SV von 1873"]

1. e4 e5 2. Nf3 d6 3. Bc4 Nf6 4. Ng5 Qe7 5. Bxf7+ Kd8 6. Bb3 Bg4 7. f3 Bh5 8.
O-O Qe8 9. Nc3 Nbd7 10. d3 Nb6 11. Be3 Qc6 12. d4 Qe8 13. dxe5 Qxe5 14. Ne6+
Ke7 15. Bf4 Qa5 16. Nxc7 Rc8 17. Qxd6# 1-0

[Event "St. Pauli Open"]
[Site "Hamburg"]
[Date "2011.07.10"]
[Round "2.4"]
[White "Voigt, Gerrit"]
[Black "Michna, Marta"]
[Result "1-0"]
[WhiteElo "2142"]
[BlackElo "2397"]
[PlyCount "109"]
[EventDate "2011.??.??"]
[WhiteTeam "SK Union Eimsbuettel eV"]
[BlackTeam "SK Norderstedt von 1975"]

1. Nc3 d6 2. e4 Nf6 3. d4 Nc6 4. f3 e5 5. d5 Ne7 6. h4 h5 7. Nh3 Ng6 8. g3 Be7
9. Bg5 c6 10. Qd2 Bd7 11. O-O-O c5 12. Bb5 Bxb5 13. Nxb5 a6 14. Na3 b5 15. c3
Rb8 16. Nc2 Nf8 17. Qe2 N8d7 18. Nf2 a5 19. Ne3 c4 20. f4 g6 21. Qc2 Qc7 22.
Kb1 Kf8 23. f5 Kg7 24. g4 b4 25. cxb4 Rxb4 26. Bxf6+ Bxf6 27. g5 Bd8 28. a3 Rb5
29. Qxc4 Qb8 30. Qe2 Nc5 31. Nc4 Na4 32. Ka1 Bb6 33. Qc2 Rc8 34. Qxa4 Bxf2 35.
fxg6 Rbc5 36. Rhf1 Rxc4 37. Qd7 R8c7 38. Qf5 fxg6 39. Qf6+ Kh7 40. Rxf2 a4 41.
Rb1 Qa7 42. Qf8 Rg7 43. Rf6 Rxe4 44. Qxd6 Qd4 45. Qd8 Re3 46. Ka2 Qc4+ 47. Ka1
Qd4 48. Ka2 Rb7 49. Rc6 e4 50. Rc7+ Rxc7 51. Qxc7+ Kg8 52. Qd8+ Kg7 53. Qd7+
Kg8 54. Rc1 Rf3 55. Rc7 1-0

[Event "St. Pauli Open"]
[Site "Hamburg"]
[Date "2011.07.10"]
[Round "2.30"]
[White "Hebbinghaus, Holger"]
[Black "Raum, Norbert"]
[Result "1-0"]
[WhiteElo "2189"]
[BlackElo "1809"]
[PlyCount "50"]
[EventDate "2011.??.??"]
[WhiteTeam "SK Marmstorf GW Harburg"]
[BlackTeam "Schwarzenbeker SK"]

1. e4 d5 2. exd5 Nf6 3. Nf3 Nxd5 4. d4 Bg4 5. h3 Bf5 6. Bd3 Bxd3 7. Qxd3 Nc6 8.
O-O e6 9. c4 Nf6 10. Nc3 Bd6 11. Be3 O-O 12. Rad1 Nb4 13. Qe2 c6 14. Bg5 Re8
15. Ne5 h6 16. Bh4 Be7 17. a3 Na6 18. Qf3 Rf8 19. Rd3 Nh7 20. Bg3 Ng5 21. Qe2
Qe8 22. b4 Rd8 23. Re1 Nb8 24. d5 cxd5 25. cxd5 Bf6 (25... f6 26. h4 Nh7 27.
Nc4 e5 28. d6 Qd7 29. dxe7 Qxd3 30. exd8=Q Qxd8 31. Rd1 Qc8 32. Nd5 Qe6 33. Qe4
Rd8 34. Nce3 Nc6 35. b5 Ne7 36. Nxf6+ Nxf6 37. Rxd8+ Kf7 38. Qc4 {1-0
Hebbinghaus,H-Raum,N/Hamburg 2011}) 1-0

[Event "St. Pauli Open"]
[Site "Hamburg"]
[Date "2011.07.10"]
[Round "2.1"]
[White "Meertens, Martin"]
[Black "Rogozenco, Dorian"]
[Result "0-1"]
[WhiteElo "2158"]
[BlackElo "2557"]
[PlyCount "84"]
[EventDate "2011.??.??"]
[WhiteTeam "Klub Kölner Schachfreunde e.V. 1"]
[BlackTeam "Hamburger SK von 1830 eV"]

1. e4 c5 2. Nf3 Nc6 3. d4 cxd4 4. Nxd4 Nf6 5. Nc3 e6 6. Nxc6 bxc6 7. Bd3 e5 8.
O-O d6 9. b3 Be7 10. Qe2 O-O 11. Nd1 a5 12. Bb2 Nd7 13. c4 Nc5 14. Ne3 g6 15.
Rad1 Bg5 16. Bb1 Qe7 17. g3 Bh3 18. Rfe1 h5 19. Qf3 Rfd8 20. Bd3 Bf6 21. Bf1
Bc8 22. h4 Ne6 23. Rd2 Bg7 24. Kh2 Qb7 25. Bc3 Nd4 26. Qd1 c5 27. Bxd4 cxd4 28.
Nd5 Bg4 29. Be2 Be6 30. g4 hxg4 31. Bxg4 Bxd5 32. cxd5 Qe7 33. Kg3 Bh6 34. Rc2
Bf4+ 35. Kh3 Kg7 36. h5 Rh8 37. Rh1 Qg5 38. Rc7 Rxh5+ 39. Kg2 Rxh1 40. Kxh1
Rh8+ 41. Kg2 Rh4 42. f3 Rh2+ 0-1

[Event "St. Pauli Open"]
[Site "Hamburg"]
[Date "2011.07.10"]
[Round "2.3"]
[White "Jugelt, Tobias"]
[Black "Kopisch, Martin"]
[Result "1-0"]
[WhiteElo "2403"]
[BlackElo "2148"]
[PlyCount "77"]
[EventDate "2011.??.??"]
[WhiteTeam "Delmenhorster SK V 1931"]
[BlackTeam "Bille SC von 1924 e.V."]

1. d4 d5 2. c4 c6 3. Nf3 Nf6 4. e3 a6 5. h3 Bf5 6. Bd3 Bg6 7. O-O e6 8. Bxg6
hxg6 9. Nbd2 Nbd7 10. Qe2 Be7 11. e4 Nxe4 12. Nxe4 dxe4 13. Qxe4 Nf6 14. Qc2
Qc7 15. Be3 O-O 16. Rfd1 Rfd8 17. Rd3 Bd6 18. Rad1 Rac8 19. Qc1 b5 20. b3 Qb8
21. Bg5 Rd7 22. Qe3 Nh7 23. Qe4 Nxg5 24. Nxg5 Bf4 25. h4 Bxg5 26. hxg5 Kf8 27.
Rf3 Ke7 28. g3 Qd6 29. Kg2 Rh8 30. d5 cxd5 31. Rxd5 Qc7 32. Rxd7+ Qxd7 33. Rd3
Qc7 34. cxb5 axb5 35. Qb4+ Ke8 36. Qxb5+ Ke7 37. Qb4+ Ke8 38. Rc3 Qd8 39. Qb7
1-0

[Event "St. Pauli Open"]
[Site "Hamburg"]
[Date "2011.07.10"]
[Round "2.5"]
[White "Fries Nielsen, Jens-Ove"]
[Black "Hein, Ralf"]
[Result "1-0"]
[WhiteElo "2394"]
[BlackElo "2144"]
[PlyCount "103"]
[EventDate "2011.??.??"]
[WhiteTeam "Preetzer TSV"]
[BlackTeam "SC Diogenes eV"]

1. Nc3 c5 2. d4 cxd4 3. Qxd4 Nc6 4. Qa4 g6 5. h4 h5 6. e4 Bg7 7. Nge2 d6 8. Nd5
Bd7 9. c3 Ne5 10. Qc2 e6 11. Ne3 Nf6 12. f3 Rc8 13. Nd4 Qb6 14. Be2 Bh6 15. Qb3
Qc7 16. a4 a6 17. Kf2 Nc6 18. Nxc6 Bxc6 19. Qb4 Bf8 20. Qd4 Bg7 21. Qb4 Bf8 22.
Qc4 Qb8 23. Qd3 d5 24. exd5 exd5 25. Nc2 Be7 26. Qe3 Qc7 27. Nd4 O-O 28. Qh6
Rfe8 29. Bd3 Bf8 30. Qf4 Bd6 31. Qxf6 Bg3+ 32. Kg1 Re1+ 33. Bf1 Bb5 34. Bh6 Be5
35. Rxe1 Bxf6 36. axb5 Qg3 37. Re2 Kh7 38. Be3 axb5 39. Nxb5 Ra8 40. Rh3 Qb8
41. f4 Ra1 42. Nd4 Qe8 43. f5 Bxd4 44. cxd4 gxf5 45. Rf3 Qe4 46. Ref2 f4 47.
Bxf4 Qxd4 48. Be3 Qxh4 49. Rxf7+ Kg6 50. R2f4 Qg5 51. Bd4 Qd8 52. R4f6+ 1-0

[Event "St. Pauli Open"]
[Site "Hamburg"]
[Date "2011.07.10"]
[Round "2.7"]
[White "Franke, Lutz"]
[Black "Svane, Rasmus"]
[Result "0-1"]
[WhiteElo "2123"]
[BlackElo "2346"]
[PlyCount "120"]
[EventDate "2011.??.??"]
[WhiteTeam "SK Union Eimsbuettel eV"]
[BlackTeam "Lübecker SV von 1873"]

1. b4 e5 2. Bb2 Bxb4 3. Bxe5 Nf6 4. c4 Nc6 5. Bb2 O-O 6. Nf3 Re8 7. e3 d5 8.
cxd5 Nxd5 9. Be2 Bf5 10. O-O Qe7 11. a3 Bd6 12. Nc3 Nxc3 13. dxc3 Rad8 14. Nd4
Be4 15. Bf3 Bxf3 16. Qxf3 Ne5 17. Qe2 c5 18. Nf3 c4 19. Nxe5 Qxe5 20. g3 Qe4
21. a4 Be5 22. f3 Qd3 23. Kf2 Qxe2+ 24. Kxe2 Rd3 25. e4 Bxc3 26. Bxc3 Rxc3 27.
Rfc1 Rxc1 28. Rxc1 Rc8 29. e5 Kf8 30. Kd2 Ke7 31. Kc3 Ke6 32. f4 Rc7 33. Rd1
Kf5 34. Re1 h5 35. e6 fxe6 36. Re5+ Kg4 37. Rg5+ Kf3 38. Rxh5 Kg2 39. a5 b6 40.
axb6 axb6 41. Re5 Kxh2 42. Rxe6 Kxg3 43. f5 b5 44. Rg6+ Kf4 45. f6 gxf6 46.
Rxf6+ Ke4 47. Rb6 Rc5 48. Re6+ Re5 49. Rd6 Rd5 50. Re6+ Kf5 51. Re3 Re5 52. Rh3
Kg4 53. Rh8 Re3+ 54. Kd4 Rb3 55. Rf8 c3 56. Kd3 b4 57. Rf2 Kg3 58. Ra2 Rb1 59.
Kc2 Rf1 60. Kd3 b3 0-1

[Event "St. Pauli Open"]
[Site "Hamburg"]
[Date "2011.07.10"]
[Round "2.9"]
[White "Juergens, Bernhard"]
[Black "Lindinger, Markus"]
[Result "1-0"]
[WhiteElo "2117"]
[BlackElo "2332"]
[PlyCount "43"]
[EventDate "2011.??.??"]
[WhiteTeam "Hamburger SK von 1830 eV"]
[BlackTeam "Hamburger SK von 1830 eV"]

1. e4 d6 2. Nc3 g6 3. g3 b6 4. Bg2 Bb7 5. Nge2 Bg7 6. O-O e6 7. d4 Ne7 8. Be3
Nd7 9. Qd2 h6 10. f4 a6 11. Rad1 Ra7 12. g4 Qa8 13. Ng3 h5 14. gxh5 gxh5 15. f5
h4 16. fxe6 fxe6 17. Nh1 Nf6 18. Bg5 h3 19. Bxf6 Bh6 20. Qe2 hxg2 21. Kxg2 Rg8+
22. Ng3 1-0

[Event "St. Pauli Open"]
[Site "Hamburg"]
[Date "2011.07.10"]
[Round "2.13"]
[White "Sechting, Martin"]
[Black "Stelting, Thorsten"]
[Result "0-1"]
[WhiteElo "2088"]
[BlackElo "2252"]
[PlyCount "116"]
[EventDate "2011.??.??"]
[WhiteTeam "SC Weisse Dame e.V."]
[BlackTeam "FC ST.Pauli 1910 eV SAbt"]

1. d4 f5 2. e4 fxe4 3. Nc3 d5 4. Qh5+ g6 5. Qxd5 Nf6 6. Qxd8+ Kxd8 7. Bc4 Bf5
8. Be3 h5 9. h3 Nbd7 10. Nge2 Nb6 11. Bb3 c6 12. Nf4 Kd7 13. d5 Bh6 14. O-O-O
Bxf4 15. dxc6+ Kxc6 16. Bxf4 Rad8 17. Be5 a6 18. Rhe1 Rxd1+ 19. Rxd1 Re8 20. a4
Nbd7 21. Bxf6 exf6 22. a5 Re5 23. Ba4+ Kc7 24. Nd5+ Kb8 25. b4 b5 26. axb6 Kb7
27. c4 Nxb6 28. Nxb6 Kxb6 29. Rd6+ Kb7 30. Rxf6 e3 31. fxe3 Rxe3 32. Kd2 Rd3+
33. Ke2 Ra3 34. Bc6+ Kc7 35. Bd5 h4 36. Rf7+ Kd6 37. Ra7 Ra4 38. Ke3 Ke5 39.
Re7+ Kd6 40. Rh7 Ke5 41. Rxh4 Rxb4 42. Rh8 Rb3+ 43. Kf2 a5 44. Rg8 Ra3 45. Bf3
Kd4 46. Be2 a4 47. Rd8+ Kc5 48. Rd5+ Kb4 49. Rb5+ Kc3 50. c5 Ra2 51. Rb6 a3 52.
Rd6 Rxe2+ 53. Kxe2 a2 54. Rd1 Bb1 55. c6 a1=Q 56. c7 Qa6+ 57. Kf3 Qc6+ 58. Kf4
Qxc7+ 0-1

[Event "St. Pauli Open"]
[Site "Hamburg"]
[Date "2011.07.10"]
[Round "2.15"]
[White "Kambor, Joachim"]
[Black "Gottuk, Stefan"]
[Result "0-1"]
[WhiteElo "2077"]
[BlackElo "2229"]
[PlyCount "76"]
[EventDate "2011.??.??"]
[BlackTeam "SC Diogenes eV"]

1. d4 d5 2. c4 c6 3. Nc3 e6 4. e3 Bd6 5. Nf3 f5 6. Bd3 Nf6 7. Qc2 Ne4 8. b3 O-O
9. Bb2 b6 10. Ne5 Bb7 11. O-O Nd7 12. Nxd7 Qxd7 13. f3 Nxc3 14. Bxc3 c5 15.
Rfe1 Qc7 16. f4 Rac8 17. Qb2 Qe7 18. Rad1 Rc7 19. Re2 Qf7 20. dxc5 Bxc5 21. Be5
Rd7 22. Rc1 Rfd8 23. b4 dxc4 24. Bxc4 Rd1+ 25. Rxd1 Rxd1+ 26. Kf2 Qg6 27. g3
Qh5 28. Bxe6+ Kf8 29. Bxg7+ Ke8 30. Bf7+ Kxf7 31. Qb3+ Kxg7 32. Qxd1 Qxh2+ 33.
Ke1 Bxb4+ 34. Rd2 Bxd2+ 35. Qxd2 Qh1+ 36. Kf2 Qg2+ 37. Ke1 Qg1+ 38. Ke2 Ba6+
0-1

[Event "St. Pauli Open"]
[Site "Hamburg"]
[Date "2011.07.10"]
[Round "2.16"]
[White "Michna, Christian"]
[Black "Pawlowski, Thomas"]
[Result "1-0"]
[WhiteElo "2222"]
[BlackElo "2080"]
[PlyCount "81"]
[EventDate "2011.??.??"]
[WhiteTeam "SK Norderstedt von 1975"]
[BlackTeam "Lübecker SV von 1873"]

1. e4 e6 2. b3 d5 3. Bb2 Nf6 4. e5 Nfd7 5. f4 c5 6. Qg4 Nc6 7. Nf3 Qc7 8. Be2
b6 9. O-O Ne7 10. Nc3 a6 11. Nd1 Bb7 12. d4 Nf5 13. Bd3 h5 14. Qh3 g6 15. c3
Be7 16. g4 Nh4 17. g5 Nxf3+ 18. Qxf3 O-O-O 19. a4 Kb8 20. Ne3 Ka7 21. Rfc1 Nb8
22. Bf1 Nc6 23. Qd1 Qd7 24. Bg2 Na5 25. Ba3 c4 26. Bxe7 Qxe7 27. bxc4 dxc4 28.
Rab1 Bxg2 29. Kxg2 Qb7+ 30. Qf3 Qxf3+ 31. Kxf3 Rd7 32. Rb2 Rc8 33. Rcb1 Rc6 34.
Rb4 Rb7 35. Ke2 Rbc7 36. Nd1 Rb7 37. Nf2 Rd7 38. Ne4 Nb7 39. Nf6 Rd8 40. Ke3
Rg8 41. Nd7 1-0

[Event "St. Pauli Open"]
[Site "Hamburg"]
[Date "2011.07.10"]
[Round "2.17"]
[White "Kramer, Julian"]
[Black "Stenner, Patrick"]
[Result "0-1"]
[WhiteElo "1926"]
[BlackElo "2220"]
[PlyCount "88"]
[EventDate "2011.??.??"]
[WhiteTeam "Hamburger SK von 1830 eV"]
[BlackTeam "FC ST.Pauli 1910 eV SAbt"]

1. e4 c6 2. d4 d5 3. Nc3 dxe4 4. Nxe4 Nf6 5. Nxf6+ exf6 6. c3 Be6 7. Bd3 Bd6 8.
Ne2 Qc7 9. Qc2 Nd7 10. Bd2 O-O-O 11. c4 g5 12. h4 h6 13. O-O-O Kb8 14. Kb1 Be7
15. Be3 a6 16. Qb3 c5 17. Qc3 cxd4 18. Nxd4 Ne5 19. Nxe6 fxe6 20. hxg5 hxg5 21.
Rxh8 Rxh8 22. Qd4 Kc8 23. Qa7 Nc6 24. Qb6 Qxb6 25. Bxb6 Ne5 26. Be2 Rh2 27. g3
Nd7 28. Be3 Bc5 29. Bg4 f5 30. Bf3 Bxe3 31. fxe3 Ne5 32. Bh1 Ng4 33. Re1 Nf2
34. Bf3 Nd3 35. Re2 Rh3 36. e4 Rxg3 37. Bh1 Rg1+ 38. Kc2 Ne1+ 39. Kd2 Rxh1 40.
Rxe1 Rxe1 41. Kxe1 f4 42. Kf2 Kc7 43. e5 a5 44. Kf3 Kc6 0-1